Sports Quiz

Random Sports Quiz

Los Angeles Dodgers Starters of the 2010s Quiz Stats

 Plays Quiz not verified by Sporcle

Score 0/275 Timer 20:00
0 Plays Today
Hint Answer % Correct
1BCody Bellinger
100%
LFCody Bellinger
100%
CFCody Bellinger
100%
RFCody Bellinger
100%
1BAdrian Gonzalez
97.6%
SPClayton Kershaw
96%
LFAndre Ethier
94.4%
LFYasiel Puig
94.4%
CFYasiel Puig
94.4%
CFAndre Ethier
94.4%
RFYasiel Puig
94.4%
RFAndre Ethier
94.4%
CYasmani Grandal
92.1%
CA.J. Ellis
92.1%
1BYasmani Grandal
92.1%
LFMatt Kemp
91.3%
CFMatt Kemp
91.3%
RFMatt Kemp
91.3%
1BChase Utley
90.5%
2BChase Utley
90.5%
3BChase Utley
90.5%
1BEnrique Hernandez
89.7%
1BJustin Turner
88.1%
2BJustin Turner
88.1%
3BJustin Turner
88.1%
SSJustin Turner
88.1%
3BCorey Seager
87.3%
SSCorey Seager
87.3%
2BMark Ellis
86.5%
LFChris Taylor
86.2%
CFChris Taylor
86.2%
SPZack Greinke
83.3%
SPRich Hill
83.3%
LFJoc Pederson
82.8%
3BHanley Ramirez
82.5%
SSHanley Ramirez
82.5%
CFJoc Pederson
81.7%
LFCarl Crawford
79.4%
LFManny Ramirez
78.6%
CRussell Martin
77.8%
1BHowie Kendrick
77%
1BJames Loney
77%
3BHowie Kendrick
77%
LFHowie Kendrick
77%
1BScott Van Slyke
76.2%
LFScott Van Slyke
76.2%
CFScott Van Slyke
76.2%
RFScott Van Slyke
76.2%
SPHyun-jin Ryu
75.4%
1BLogan Forsythe
72.4%
2BLogan Forsythe
72.4%
3BLogan Forsythe
72.4%
SSLogan Forsythe
72.4%
2BDee Gordon
71.4%
SSDee Gordon
71.4%
SPKenta Maeda
71.4%
SPBrett Anderson
71.4%
1BJuan Uribe
70.6%
2BJuan Uribe
70.6%
3BJuan Uribe
70.6%
SSJuan Uribe
70.6%
2BEnrique Hernandez
69%
3BEnrique Hernandez
69%
SSEnrique Hernandez
69%
SSJimmy Rollins
69%
LFEnrique Hernandez
69%
CFEnrique Hernandez
69%
RFEnrique Hernandez
69%
SPBrandon McCarthy
69%
2BHowie Kendrick
69%
LFGarrett Anderson
67.5%
RFGarrett Anderson
67.5%
CRamon Hernandez
66.7%
SPRoberto Hernandez
66.7%
SSRafael Furcal
65.9%
SPJulio Urias
63.5%
LFFranklin Gutierrez
62.1%
SPYu Darvish
62.1%
SPHiroki Kuroda
57.1%
CAustin Barnes
56.3%
2BAustin Barnes
56.3%
SPChad Billingsley
56.3%
LFAndrew Toles
56.3%
1BCasey Blake
52.4%
3BCasey Blake
52.4%
LFTrayce Thompson
52.4%
CFTrayce Thompson
52.4%
RFTrayce Thompson
52.4%
SPAlex Wood
52.4%
CCarlos Ruiz
52.1%
SPScott Kazmir
51.6%
SPJosh Beckett
50.8%
Hint Answer % Correct
2BCharlie Culberson
50%
1BKyle Farmer
48.3%
CFAlex Verdugo
48.3%
RFJosh Reddick
47.6%
SPRoss Stripling
46.8%
CTim Federowicz
45.2%
2BNick Punto
45.2%
3BNick Punto
45.2%
SSNick Punto
45.2%
LFReed Johnson
45.2%
CFReed Johnson
45.2%
RFReed Johnson
45.2%
CFAndrew Toles
44.4%
RFAndrew Toles
44.4%
SPBrock Stewart
43.7%
2BLuis Cruz
42.9%
3BLuis Cruz
42.9%
SSLuis Cruz
42.9%
CRod Barajas
42.1%
SPJose De Leon
41.7%
SPYimi Garcia
41.3%
3BCharlie Culberson
40.5%
SSCharlie Culberson
40.5%
SSChin-lung Hu
40.5%
SPDan Haren
39.7%
SPJoe Blanton
39.7%
2BBlake DeWitt
38.9%
LFBrett Eibner
37.9%
CFBrett Eibner
37.9%
RFBrett Eibner
37.9%
1BRob Segedin
35.4%
3BRob Segedin
35.4%
RFRob Segedin
35.4%
2BChris Taylor
34.9%
3BChris Taylor
34.9%
SSChris Taylor
34.9%
3BAlex Guerrero
34.1%
LFAlex Guerrero
34.1%
LFShane Victorino
34.1%
CFShane Victorino
34.1%
LFRob Segedin
34.1%
2BSkip Schumaker
33.3%
LFSkip Schumaker
33.3%
CFSkip Schumaker
33.3%
RFSkip Schumaker
33.3%
SPBud Norris
33.3%
CDrew Butera
31.7%
1BDrew Butera
31.7%
1BJuan Rivera
31.7%
2BJamey Carroll
31.7%
3BJamey Carroll
31.7%
SSJamey Carroll
31.7%
LFJuan Rivera
31.7%
LFJamey Carroll
31.7%
RFJuan Rivera
31.7%
SPTed Lilly
31.7%
LFO'Koyea Dickson
31%
LFCurtis Granderson
31%
CFCurtis Granderson
31%
RFCurtis Granderson
31%
2BMiguel Rojas
31%
3BMiguel Rojas
31%
SSMiguel Rojas
31%
SPChris Capuano
31%
1BMichael Young
30.2%
2BMichael Young
30.2%
3BMichael Young
30.2%
SSMichael Young
30.2%
LFTony Gwynn
30.2%
CFTony Gwynn
30.2%
RFTony Gwynn
30.2%
SPCarlos Frias
30.2%
CDioner Navarro
29.4%
2BNick Green
29.4%
1BJerry Hairston
28.6%
2BJerry Hairston
28.6%
2BJustin Sellers
28.6%
3BJerry Hairston
28.6%
3BJustin Sellers
28.6%
SSJustin Sellers
28.6%
LFJerry Hairston
28.6%
RFJerry Hairston
28.6%
SPAaron Harang
27.8%
SPVicente Padilla
27.8%
2BAaron Miles
27%
3BAaron Miles
27%
SPMike Bolsinger
27%
SPZach Lee
27%
SPRubby De La Rosa
27%
2BAdam Kennedy
26.2%
3BAlberto Callaspo
26.2%
3BAdam Kennedy
26.2%
Hint Answer % Correct
CBrad Ausmus
25.4%
2BElian Herrera
25.4%
3BElian Herrera
25.4%
LFElian Herrera
25.4%
LFBobby Abreu
25.4%
CFElian Herrera
25.4%
RFElian Herrera
25.4%
RFBobby Abreu
25.4%
LFWill Venable
24.6%
RFWill Venable
24.6%
CMiguel Olivo
23.8%
SPMat Latos
23.8%
SPRicky Nolasco
23%
1BRonnie Belliard
22.2%
2BDarwin Barney
22.2%
2BRonnie Belliard
22.2%
3BRonnie Belliard
22.2%
SSDarwin Barney
22.2%
2BJuan Castro
21.4%
3BJuan Castro
21.4%
SSJuan Castro
21.4%
LFChris Heisey
21.4%
CFChris Heisey
21.4%
RFChris Heisey
21.4%
SPJuan Nicasio
21.4%
CMatt Treanor
20.6%
LFScott Schebler
20.6%
RFScott Schebler
20.6%
SPIan Thomas
20.6%
1BClint Robinson
19.8%
LFXavier Paul
19.8%
RFXavier Paul
19.8%
2BRyan Theriot
19%
SPJamey Wright
19%
SPEdinson Volquez
19%
SPRamon Ortiz
19%
2BChone Figgins
18.3%
3BChone Figgins
18.3%
SSErisbel Arruebarrena
18.3%
SPScott Baker
18.3%
LFJustin Ruggiano
17.5%
SPJames McDonald
17.5%
2BIvan De Jesus
16.7%
3BIvan De Jesus
16.7%
SPStephen Fife
16.7%
SPNathan Eovaldi
16.7%
SPJohn Ely
16.7%
LFAlex Castellanos
15.9%
RFAlex Castellanos
15.9%
1BJerry Sands
15.1%
1BJay Gibbons
15.1%
2BJose Peraza
15.1%
LFJerry Sands
15.1%
LFJay Gibbons
15.1%
RFJerry Sands
15.1%
RFJay Gibbons
15.1%
SPRed Patterson
15.1%
CHector Gimenez
14.3%
SPBrandon Beachy
14.3%
SPPaul Maholm
14.3%
SPJon Garland
14.3%
1BRuss Mitchell
13.5%
2BEugenio Velez
13.5%
3BRuss Mitchell
13.5%
LFEugenio Velez
13.5%
LFMarcus Thames
13.5%
LFRuss Mitchell
13.5%
SPKevin Correia
13.5%
SPMatt Magill
13.5%
1BJamie Romak
12.7%
3BJamie Romak
12.7%
RFJamie Romak
12.7%
SPNick Tepesch
12.7%
LFNick Buss
11.1%
LFScott Podsednik
11.1%
CFNick Buss
11.1%
CFScott Podsednik
11.1%
RFZach Walters
11.1%
RFNick Buss
11.1%
SPDavid Huff
11.1%
SSCarlos Triunfel
10.3%
1BJohn Lindsey
9.5%
SPDana Eveland
9.5%
SPCharlie Haeger
9.5%
LFTrent Oeltjen
8.7%
CFTrent Oeltjen
8.7%
RFTrent Oeltjen
8.7%
SPJoe Wieland
7.9%
LFMike Baxter
7.1%
LFJamie Hoffmann
7.1%
SPCarlos Monasterious
6.3%

You're not logged in!

Compare scores with friends on all Sporcle quizzes.
OR
Log In

Sporcle TV

Today on Sporcle TV


Watch our educational content, quiz creation guides, and fun videos on Sporcle TV.

Show Comments

Extras

Top Quizzes Today


Score Distribution

Your Account Isn't Verified!

In order to create a playlist on Sporcle, you need to verify the email address you used during registration. Go to your Sporcle Settings to finish the process.

Report this User

Report this user for behavior that violates our Community Guidelines.

Details: